000 00428nam a2200157 i 4500
001 bg
100 1 _aPALATNIK, L. S.
245 0 _aMechanizm obrazowanija i substruktura kondensirowannych plenok /
_cL.S. Palatnik, M.Ja. Fuks, W.M. Kosewic.
260 _aMoskwa,
_c1972.
700 1 _aFUKS, M. Ja.
700 1 _aKOSEWIC, W. M.
040 _cBPK
041 _apol
942 _cKS
008 s pl f |000 0 pol
999 _c15342
_d15342
856 _uhttp://koha.tu.koszalin.pl/cgi-bin/koha/opac-detail.pl?biblionumber=15342
_yKatalog online BPK